| 000 | 00813nam a2200241Ia 4500 | ||
|---|---|---|---|
| 001 | Z_1187 | ||
| 008 | 220113s9999 xx 000 0 und d | ||
| 010 | _a164272 | ||
| 082 | _a636.080913 U3 | ||
| 100 |
_aUACH. Subdirección de Investigación. Coordinación de Servicios _9138382 |
||
| 245 |
_aDiagnóstico integral de la ganadería bovina... / _c |
||
| 260 | _a | ||
| 300 | _a | ||
| 440 | _a | ||
| 500 | _arencia de tecnología en la producción de bovinos en el trópico humedo -- v.11 La comercialización del ganado bovino -- v.12 Ganadería bovina en la región Golfo - Sureste -- v.13 Regiones ganaderas bovinas en el trópico humedo -- v.14 Diagnóstico ganade | ||
| 503 | _a | ||
| 650 | _a | ||
| 901 | _a636.080913 U3 | ||
| 902 | _aA | ||
| 910 | _a | ||
| 942 | _cc1 | ||
| 999 |
_c164272 _d164272 |
||